书目信息 |
| 题名: |
执业药师考前冲刺掌中宝
|
|
| 作者: | 康震 , 张建 丛书主编 ;杨新颖 本卷主编 | |
| 分册: | 药物分析学 | |
| 出版信息: | 北京 中国协和医科大学出版社 2014 |
|
| 页数: | 146页 | |
| 开本: | 19cm | |
| 丛书名: | ||
| 单 册: | ||
| 中图分类: | R9 , R917 | |
| 科图分类: | ||
| 主题词: | 药剂师--资格考试--自学参考资料 , 药物分析--资格考试--自学参考资料 | |
| 电子资源: | ||
| ISBN: | 978-7-5679-0106-3 | |
| 000 | 01253nam0 2200301 450 | |
| 001 | 012015000156 | |
| 005 | 20151130093443.73 | |
| 010 | @a978-7-5679-0106-3@dCNY20.00 | |
| 100 | @a20140922d2014 em y0chiy50 ea | |
| 101 | 0 | @achi |
| 102 | @aCN@b110000 | |
| 105 | @ay zq 000yy | |
| 106 | @ar | |
| 200 | 1 | @a执业药师考前冲刺掌中宝@Azhi ye yao shi kao qian chong ci zhang zhong bao@i药物分析学@f康震,张建丛书主编@f杨新颖本卷主编 |
| 210 | @a北京@c中国协和医科大学出版社@d2014 | |
| 215 | @a146页@d19cm | |
| 300 | @a国家执业药师资格考试 | |
| 312 | @a封面英文分辑题名:Pharmaceutical analysis | |
| 330 | @a本书以新修订的《2014年国家执业药师资格考试大纲》药物分析部分为依据,每章首先介绍考试的大纲要求,然后列出本章相关考点的基本内容,最后为习题精选与解析。正文部分涵盖:药典的基本内容和药物分析的基础知识;常用的分析方法及其在药物分析中的应用,体内药物分析及药物的杂质检查;各类代表药物的鉴别、检查和含量测定。 | |
| 606 | 0 | @a药剂师@x资格考试@j自学参考资料 |
| 606 | 0 | @a药物分析@x资格考试@j自学参考资料 |
| 690 | @aR9@v5 | |
| 690 | @aR917@v5 | |
| 701 | 0 | @a康震@Akang zhen@4丛书主编 |
| 701 | 0 | @a张建@Azhang jian@4丛书主编 |
| 702 | 0 | @a杨新颖@Ayang xin ying@4本卷主编 |
| 801 | 0 | @aCN@b碧洲教育@c20151127 |
| 905 | @a10447@f4@dR9@e102 | |
| 执业药师考前冲刺掌中宝.药物分析学/康震,张建丛书主编/杨新颖本卷主编.-北京:中国协和医科大学出版社,2014 |
| 146页;19cm |
| 国家执业药师资格考试 |
| ISBN 978-7-5679-0106-3:CNY20.00 |
| 本书以新修订的《2014年国家执业药师资格考试大纲》药物分析部分为依据,每章首先介绍考试的大纲要求,然后列出本章相关考点的基本内容,最后为习题精选与解析。正文部分涵盖:药典的基本内容和药物分析的基础知识;常用的分析方法及其在药物分析中的应用,体内药物分析及药物的杂质检查;各类代表药物的鉴别、检查和含量测定。 |
| ● |
| 相关链接 |
|
|
|
|
正题名:执业药师考前冲刺掌中宝
索取号:R9/102
 
预约/预借
| 序号 | 登录号 | 条形码 | 馆藏地/架位号 | 状态 | 备注 |
| 1 | 0871919 | 208719190 | 第二样本阅览室/ [索取号:R9/102] | 在馆 | |
| 2 | 0871920 | 208719207 | 第三借阅区/ [索取号:R9/102] | 在馆 | |
| 3 | 0871921 | 208719216 | 第三借阅区/ [索取号:R9/102] | 在馆 | |
| 4 | 0871922 | 208719225 | 第三借阅区/ [索取号:R9/102] | 在馆 |